Chương trình hành động 21 : (AGENDA 21) = Environmental management & global and national strategy on environment protection

Sách gồm 4 phần đề cập đến: Các khía cạnh xã hội và kinh tế; Bảo tồn và quản lý các tài nguyên phục vụ cho phát triển; Tăng cường vai trò của các bộ phận và tổ chức chủ yếu; Các biện pháp thực hiện....

Ful tanımlama

Kaydedildi:
Detaylı Bibliyografya
Yazar: Lê, Quý An
Materyal Türü: Kitap
Dil:Undetermined
Baskı/Yayın Bilgisi: Hà Nội Environmental Management and Impact Assessment 1996
Konular:
Etiketler: Etiketle
Etiket eklenmemiş, İlk siz ekleyin!
Thư viện lưu trữ: Trung tâm Học liệu Trường Đại học Cần Thơ
LEADER 01009nam a2200205Ia 4500
001 CTU_143013
008 210402s9999 xx 000 0 und d
082 |a 363.7 
082 |b A105/P.3 
100 |a Lê, Quý An 
245 0 |a Chương trình hành động 21 : 
245 0 |b (AGENDA 21) = Environmental management & global and national strategy on environment protection 
245 0 |c Lê Quý An 
260 |a Hà Nội 
260 |b Environmental Management and Impact Assessment 
260 |c 1996 
520 |a Sách gồm 4 phần đề cập đến: Các khía cạnh xã hội và kinh tế; Bảo tồn và quản lý các tài nguyên phục vụ cho phát triển; Tăng cường vai trò của các bộ phận và tổ chức chủ yếu; Các biện pháp thực hiện. 
650 |a Environmental management,Quản trị môi trường 
904 |i Gaing 
980 |a Trung tâm Học liệu Trường Đại học Cần Thơ